Central Library OPAC University of Rajshahi

The rolling season / (Record no. 18309)

MARC details
000 -LEADER
fixed length control field 00740nam a22002292 4500
001 - CONTROL NUMBER
control field 18309
003 - CONTROL NUMBER IDENTIFIER
rucl marc code BD-RjUL
005 - DATE AND TIME OF LATEST TRANSACTION
control field 20211209000252.0
008 - FIXED-LENGTH DATA ELEMENTS--GENERAL INFORMATION
fixed length control field 140220s1960 enka j 000 1 eng d
035 ## - SYSTEM CONTROL NUMBER
System control number (BD-RjUL)18367
-- OCLC ocm08083062 from D961223M
040 ## - CATALOGING SOURCE
Original cataloging agency SJP
Transcribing agency SJP
Modifying agency UKM
-- EQO
-- BD-RjUL
Language of cataloging eng
041 ## - LANGUAGE CODE
Language code of text/sound track or separate title eng
082 04 - DEWEY DECIMAL CLASSIFICATION NUMBER
Classification number 823.91
Edition number 18
Author mark and year MAR 1960
100 1# - MAIN ENTRY--PERSONAL NAME
Personal name Mayne, William,
Dates associated with a name 1928-2010
9 (RLIN) 56360
245 14 - TITLE STATEMENT
Title The rolling season /
Statement of responsibility, etc. William Mayne ; illustrated by Christopher Brooker.
250 ## - EDITION STATEMENT
Edition statement 1st ed.
260 ## - PUBLICATION, DISTRIBUTION, ETC. (IMPRINT)
Place of publication, distribution, etc. London :
Name of publisher, distributor, etc. Oxford University Press,
Date of publication, distribution, etc. 1960.
300 ## - PHYSICAL DESCRIPTION
Pagination 175 p. :
Illustrations ill. ;
Size 23 cm.
650 #0 - SUBJECT ADDED ENTRY--TOPICAL TERM
Topical term or geographic name as entry element Wells
Form subdivision Juvenile fiction.
9 (RLIN) 56361
Topical term or geographic name as entry element Water-supply
Form subdivision Juvenile fiction.
9 (RLIN) 56362
942 ## - ADDED ENTRY ELEMENTS (KOHA)
Source of classification or shelving scheme Dewey Decimal Classification
Koha item type Books
Holdings
Lost status Source of classification or shelving scheme Damaged status Not for loan Collection code Permanent Location Current Location Shelving location Date acquired Source of acquisition Cost, normal purchase price Total Checkouts Full call number Date last seen Copy number Koha item type
  Dewey Decimal Classification   Not For Loan Fiction Central Library, University of Rajshahi Central Library, University of Rajshahi Reading Room 27/06/1970 Zeitlinger 0.00   823.91 MAR 1960 20/02/2014 C-1 Books